[Event "LSS No Engine Cup 55 Preliminary 6"]
[Site "LSS email"]
[Date "2011.12.02"]
[Round "?"]
[White "Litvik, Jan"]
[Black "Tittarelli, Adriano"]
[Result "0-1"]
[WhiteElo "989"]
[BlackElo "1058"]
[PlyCount "28"]
[EventDate "2011.12.03"]
[EventType "tourn (corr)"]
[EventRounds "6"]
[EventCountry "GER"]
[SourceTitle "Corr 2015"]
[Source "ChessBase"]
[SourceDate "2015.07.17"]
[SourceVersion "1"]
[SourceVersionDate "2015.07.17"]
[SourceQuality "1"]

1. e4 g6 2. d4 Bg7 3. e5 d6 4. f4 dxe5 5. fxe5 Nc6 6. Nf3 Bg4 7. Bb5 e6 8. Bxc6+ bxc6 9. 0-0 Ne7 10. Bg5 Qd7 11. c3 Nd5 12. h3 Bf5 13. Nbd2 h6 14. Bh4 Ne3 0-1

[Event "LSS No Engine Cup 55 Preliminary 6"]
[Site "LSS email"]
[Date "2011.12.02"]
[Round "?"]
[White "Torfs, Gert"]
[Black "Litvik, Jan"]
[Result "1-0"]
[WhiteElo "860"]
[BlackElo "989"]
[PlyCount "45"]
[EventDate "2011.12.03"]
[EventType "tourn (corr)"]
[EventRounds "6"]
[EventCountry "GER"]
[SourceTitle "Telechess CBM 157"]
[Source "ChessBase"]
[SourceDate "2013.11.12"]
[SourceVersion "1"]
[SourceVersionDate "2013.11.12"]
[SourceQuality "1"]

1. e4 c5 2. Nf3 Nc6 3. d4 cxd4 4. Nxd4 Qb6 5. Nxc6 dxc6 6. Be2 Nf6 7. Nc3 Bd7 8. Bg5 h6 9. Bxf6 exf6 10. Rb1 0-0-0 11. Bg4 Bb4 12. 0-0 Rhe8 13. Re1 Bc5 14. Bxd7+ Rxd7 15. Qf3 Red8 16. Red1 Rxd1+ 17. Rxd1 Qxb2 18. Qh3+ Kc7 19. Qg3+ Bd6 20. Qxg7 Qxc3 21. Qxf7+ Rd7 22. Qb3 Qe5 23. f3 1-0

[Event "LSS No Engine Cup 54 Preliminary 2"]
[Site "LSS email"]
[Date "2011.11.16"]
[Round "?"]
[White "Nikel, Bogdan"]
[Black "Litvik, Jan"]
[Result "1-0"]
[WhiteElo "1903"]
[BlackElo "990"]
[PlyCount "25"]
[EventDate "2011.11.17"]
[EventType "tourn (corr)"]
[EventRounds "6"]
[EventCountry "GER"]
[SourceTitle "Corr 2015"]
[Source "ChessBase"]
[SourceDate "2015.07.17"]
[SourceVersion "1"]
[SourceVersionDate "2015.07.17"]
[SourceQuality "1"]

1. e4 c5 2. c3 e6 3. d4 Nf6 4. e5 Nd5 5. Nf3 Nc6 6. c4 Nb6 7. d5 exd5 8. cxd5 Nb8 9. d6 Nc6 10. Nc3 f6 11. Nb5 Rb8 12. Nc7+ Kf7 13. Bc4+ 1-0

[Event "LSS No Engine Cup 53 Preliminary 4"]
[Site "LSS email"]
[Date "2011.11.03"]
[Round "?"]
[White "Litvik, Jan"]
[Black "Kappel, Ray D"]
[Result "1-0"]
[WhiteElo "1048"]
[BlackElo "1340"]
[PlyCount "47"]
[EventDate "2011.11.04"]
[EventType "tourn (corr)"]
[EventRounds "6"]
[EventCountry "GER"]
[SourceTitle "Telechess CBM 157"]
[Source "ChessBase"]
[SourceDate "2013.11.12"]
[SourceVersion "1"]
[SourceVersionDate "2013.11.12"]
[SourceQuality "1"]

1. e4 c6 2. d4 d5 3. e5 Bf5 4. Nc3 e6 5. h3 Nd7 6. g4 Bg6 7. h4 h6 8. f4 c5 9. Nf3 cxd4 10. Nxd4 Bb4 11. Bd2 Ne7 12. a3 Bxc3 13. Bxc3 Qb6 14. Bd3 Bxd3 15. Qxd3 Nc5 16. Qb5+ Qxb5 17. Nxb5 Kd7 18. Nd6 Rhf8 19. 0-0-0 b6 20. h5 Nc8 21. Nb5 Ne4 22. Bb4 a6 23. Bxf8 axb5 24. Rh2 1-0

[Event "LSS No Engine Cup 53 Preliminary 4"]
[Site "LSS email"]
[Date "2011.11.03"]
[Round "?"]
[White "Molina, Vicente Andres"]
[Black "Litvik, Jan"]
[Result "1-0"]
[WhiteElo "820"]
[BlackElo "1048"]
[PlyCount "33"]
[EventDate "2011.11.04"]
[EventType "tourn (corr)"]
[EventRounds "6"]
[EventCountry "GER"]
[SourceTitle "Corr 2015"]
[Source "ChessBase"]
[SourceDate "2015.07.17"]
[SourceVersion "1"]
[SourceVersionDate "2015.07.17"]
[SourceQuality "1"]

1. c4 c5 2. Nf3 Nc6 3. d4 cxd4 4. Nxd4 Nf6 5. Nc3 g6 6. e4 e5 7. Ndb5 d6 8. f3 a6 9. Na3 Nd4 10. Be3 Nc6 11. Nc2 Be7 12. Be2 0-0 13. Nd5 Be6 14. 0-0 Re8 15. Bb6 Qd7 16. Nce3 Kg7 17. Nc7 1-0

[Event "LSS No Engine Cup 52 Preliminary 3"]
[Site "LSS email"]
[Date "2011.10.18"]
[Round "?"]
[White "Werner, Guenter"]
[Black "Litvik, Jan"]
[Result "1-0"]
[WhiteElo "1138"]
[BlackElo "989"]
[PlyCount "61"]
[EventDate "2011.10.19"]
[EventType "tourn (corr)"]
[EventRounds "6"]
[EventCountry "GER"]
[SourceTitle "Telechess CBM 157"]
[Source "ChessBase"]
[SourceDate "2013.11.12"]
[SourceVersion "1"]
[SourceVersionDate "2013.11.12"]
[SourceQuality "1"]

1. e4 c5 2. c3 e5 3. Nf3 Nc6 4. d4 cxd4 5. cxd4 exd4 6. Nxd4 Bb4+ 7. Bd2 Bxd2+ 8. Qxd2 Nge7 9. Bc4 Qb6 10. Qf4 Qb4+ 11. Nd2 0-0 12. N4b3 Ng6 13. Qe3 Nge5 14. Be2 d6 15. a3 Qa4 16. Rc1 Be6 17. 0-0 f5 18. Rc3 fxe4 19. Nc1 Ne7 20. Qg5 N7g6 21. Bd1 Qd7 22. Nxe4 Rac8 23. Rg3 Nf4 24. Nf6+ Rxf6 25. Qxf6 Nh3+ 26. gxh3 Bxh3 27. Re1 Rxc1 28. Bb3+ d5 29. Rxc1 Nd3 30. Bxd5+ Qxd5 31. Rd1 1-0

[Event "LSS No Engine Cup 51 Preliminary 4"]
[Site "LSS email"]
[Date "2011.09.29"]
[Round "?"]
[White "Bienkowski, Alejandro"]
[Black "Litvik, Jan"]
[Result "1-0"]
[WhiteElo "1780"]
[BlackElo "989"]
[PlyCount "45"]
[EventDate "2011.09.30"]
[EventType "tourn (corr)"]
[EventRounds "6"]
[EventCountry "GER"]
[SourceTitle "Telechess CBM 157"]
[Source "ChessBase"]
[SourceDate "2013.11.12"]
[SourceVersion "1"]
[SourceVersionDate "2013.11.12"]
[SourceQuality "1"]

1. e4 c5 2. Nf3 d6 3. d4 cxd4 4. Nxd4 Nc6 5. Nc3 e6 6. Be3 Nf6 7. f3 Be7 8. Qd2 d5 9. Bb5 Bd7 10. exd5 exd5 11. 0-0-0 0-0 12. g4 a6 13. Bd3 Re8 14. g5 Nh5 15. Nxd5 g6 16. Nxe7+ Rxe7 17. Rhe1 b5 18. Be4 Qc7 19. Nb3 Rd8 20. Qc3 Ng7 21. Bxc6 Qxh2 22. Rxd7 Rexd7 23. Bxd7 1-0

[Event "LSS No Engine Cup 51 Preliminary 4"]
[Site "LSS email"]
[Date "2011.09.29"]
[Round "?"]
[White "Herzog, Klaus"]
[Black "Litvik, Jan"]
[Result "1-0"]
[WhiteElo "1830"]
[BlackElo "989"]
[PlyCount "21"]
[EventDate "2011.09.30"]
[EventType "tourn (corr)"]
[EventRounds "6"]
[EventCountry "GER"]
[SourceTitle "Corr 2015"]
[Source "ChessBase"]
[SourceDate "2015.07.17"]
[SourceVersion "1"]
[SourceVersionDate "2015.07.17"]
[SourceQuality "1"]

1. d4 Nf6 2. c4 e6 3. Nc3 Bb4 4. f3 d5 5. a3 Bxc3+ 6. bxc3 c5 7. cxd5 Nxd5 8. dxc5 Qa5 9. e4 Qxc3+ 10. Bd2 Qxc5 11. Rc1 1-0

[Event "LSS No Engine Cup 50 Preliminary 3"]
[Site "LSS email"]
[Date "2011.09.06"]
[Round "?"]
[White "Heineccius, August"]
[Black "Litvik, Jan"]
[Result "0-1"]
[WhiteElo "1071"]
[BlackElo "1073"]
[PlyCount "66"]
[EventDate "2011.09.07"]
[EventType "tourn (corr)"]
[EventRounds "6"]
[EventCountry "GER"]
[SourceTitle "Telechess CBM 151"]
[Source "ChessBase"]
[SourceDate "2012.11.13"]
[SourceVersion "1"]
[SourceVersionDate "2012.11.13"]
[SourceQuality "1"]

1. d4 Nf6 2. Nc3 e6 3. a3 c5 4. Bg5 h6 5. Bh4 d5 6. Nb5 Qa5+ 7. Nc3 Ne4 8. f3 Nxc3 9. bxc3 Qxc3+ 10. Kf2 Qxd4+ 11. e3 Qxh4+ 12. g3 Qa4 13. Ne2 Be7 14. Nc3 Qa5 15. Qd2 d4 16. exd4 cxd4 17. Nb1 Qxd2+ 18. Nxd2 Nc6 19. Bb5 Bd7 20. Rhe1 a6 21. Bc4 b5 22. Bd3 0-0 23. Rg1 Ne5 24. Be4 Bc6 25. Bd3 Nxd3+ 26. Kg2 Ne5 27. Kf2 Bc5 28. Rge1 Nc4 29. Red1 d3+ 30. Ke1 dxc2 31. Rdc1 Nxa3 32. Nb3 Bb4+ 33. Kf1 Rfd8 0-1

[Event "ZN-2011-0-01432"]
[Site "LSS email"]
[Date "2011.04.06"]
[Round "?"]
[White "Litvik, Jan"]
[Black "Trevis, Robert R"]
[Result "1-0"]
[WhiteElo "1000"]
[BlackElo "813"]
[PlyCount "75"]
[EventDate "2011.04.02"]
[EventType "match (corr)"]
[EventRounds "2"]
[EventCountry "GER"]
[SourceTitle "Telechess CBM 151"]
[Source "ChessBase"]
[SourceDate "2012.11.13"]
[SourceVersion "1"]
[SourceVersionDate "2012.11.13"]
[SourceQuality "1"]

1. e4 d6 2. d4 Nf6 3. Nc3 g6 4. f4 Bg7 5. Nf3 0-0 6. Be3 Nbd7 7. Bd3 Ng4 8. Qe2 Nxe3 9. Qxe3 e5 10. dxe5 dxe5 11. f5 c6 12. 0-0-0 b5 13. Kb1 Qe7 14. g4 Bb7 15. h4 Rfd8 16. g5 Qc5 17. Qe2 a5 18. h5 a4 19. hxg6 fxg6 20. fxg6 hxg6 21. Qh2 Kf7 22. Be2 b4 23. Nxa4 Rxa4 24. Rdf1 Ke7 25. Qh7 Ke8 26. Qxg6+ Ke7 27. Qxg7+ Kd6 28. Rd1+ Kc7 29. Nxe5 Bc8 30. Rh7 Qe3 31. Nxd7 Bxd7 32. Rxd7+ Rxd7 33. Qxd7+ Kb6 34. Qd8+ Kc5 35. Qf8+ Kd4 36. Rd7+ Kxe4 37. Qe8+ Kf4 38. Rf7+ 1-0

[Event "OP-2011-0-01449"]
[Site "LSS email"]
[Date "2011.03.28"]
[Round "?"]
[White "Shapovalov, Dima"]
[Black "Litvik, Jan"]
[Result "1-0"]
[WhiteElo "1457"]
[BlackElo "987"]
[PlyCount "73"]
[EventDate "2011.03.16"]
[EventType "tourn (corr)"]
[EventRounds "4"]
[EventCountry "GER"]
[SourceTitle "Telechess CBM 147"]
[Source "ChessBase"]
[SourceDate "2012.03.16"]
[SourceVersion "1"]
[SourceVersionDate "2012.03.16"]
[SourceQuality "1"]

1. e4 e5 2. Nf3 Nc6 3. Bb5 a6 4. Ba4 b5 5. Bb3 Nf6 6. 0-0 Bb7 7. Re1 d6 8. c3 Na5 9. Bc2 Be7 10. d4 Nd7 11. Qe2 0-0 12. a4 c6 13. Nbd2 Bc8 14. b4 Nb7 15. axb5 cxb5 16. c4 bxc4 17. Nxc4 Nf6 18. dxe5 dxe5 19. Nfxe5 Be6 20. Nc6 Qc7 21. Nxe7+ Qxe7 22. Nb6 Rad8 23. Rxa6 Qc7 24. e5 Nd7 25. Nxd7 Rxd7 26. Qe4 g6 27. Ba4 Bf5 28. Qc6 Qxc6 29. Bxc6 Rc7 30. Bf3 Rfc8 31. Be3 Nd8 32. b5 Bd3 33. b6 Bxa6 34. bxc7 Rxc7 35. Ra1 Bc8 36. Bb6 Rd7 37. Ra8 1-0

[Event "OP-2011-0-01451"]
[Site "LSS email"]
[Date "2011.03.20"]
[Round "?"]
[White "Litvik, Jan"]
[Black "Plummer, Martin"]
[Result "1-0"]
[WhiteElo "984"]
[BlackElo "961"]
[PlyCount "45"]
[EventDate "2011.03.17"]
[EventType "tourn (corr)"]
[EventRounds "4"]
[EventCountry "GER"]
[SourceTitle "Telechess CBM 147"]
[Source "ChessBase"]
[SourceDate "2012.03.16"]
[SourceVersion "1"]
[SourceVersionDate "2012.03.16"]
[SourceQuality "1"]

1. e4 c5 2. Nf3 Nc6 3. d4 cxd4 4. Nxd4 a6 5. Nc3 Nf6 6. f4 d6 7. Nf3 Qc7 8. Be3 Qa5 9. Bd3 Nb4 10. 0-0 Nxd3 11. Qxd3 Bd7 12. a3 Rc8 13. Rad1 Qc7 14. Rd2 Bc6 15. Nd4 e5 16. Nf5 Rd8 17. Rfd1 Be7 18. Nxg7+ Kf8 19. Nf5 Ng4 20. fxe5 Nxe3 21. Qxe3 dxe5 22. Qh6+ Ke8 23. Ng7+ 1-0

[Event "OP-2011-0-01451"]
[Site "LSS email"]
[Date "2011.03.20"]
[Round "?"]
[White "Vodicka, Milan"]
[Black "Litvik, Jan"]
[Result "1-0"]
[WhiteElo "1670"]
[BlackElo "984"]
[PlyCount "41"]
[EventDate "2011.03.17"]
[EventType "tourn (corr)"]
[EventRounds "4"]
[EventCountry "GER"]
[SourceTitle "Telechess CBM 147"]
[Source "ChessBase"]
[SourceDate "2012.03.16"]
[SourceVersion "1"]
[SourceVersionDate "2012.03.16"]
[SourceQuality "1"]

1. d4 Nf6 2. c4 e6 3. Nc3 Bb4 4. e3 b6 5. Bd3 0-0 6. Nge2 c5 7. a3 Bxc3+ 8. bxc3 Bb7 9. f3 d5 10. cxd5 exd5 11. 0-0 c4 12. Bc2 Re8 13. Ng3 Nbd7 14. Qe1 Kh8 15. e4 dxe4 16. fxe4 Nxe4 17. Nxe4 Qe7 18. Qg3 Bxe4 19. Bxe4 Qxe4 20. Rxf7 Re7 21. Qxg7# 1-0